4-Letter Words Containing ON - Statistics

General Stats
  • This quiz has been taken 191 times
    154 since last reset
  • The average score is 30 of 53
Answer Stats
on % Correct
bone
91%
cone
90%
gone
89%
tone
88%
done
86%
lone
86%
only
86%
bond
84%
bong
83%
hone
78%
moon
77%
long
75%
onto
74%
soon
72%
boon
71%
once
71%
song
70%
pond
68%
loon
67%
none
67%
bonk
66%
dong
65%
coon
64%
font
64%
gong
63%
toon
63%
goon
61%
wont
60%
pong
57%
noon
56%
bony
55%
zone
55%
fond
54%
monk
52%
conk
51%
onyx
50%
honk
49%
pony
49%
lion
48%
neon
46%
onus
45%
tony
32%
wonk
31%
iron
30%
hoon
29%
upon
29%
anon
28%
icon
25%
peon
25%
aeon
22%
pion
18%
yoni
11%
muon
10%
No matching quizzes found
Score Distribution
Percent of People with Each Score
Percentile by Number Answered
Your Score History
You have not taken this quiz since the last reset